Taylor Swift - Compléter le bridge de You Belong With Me - Statistiques

Statistiques générales
  • Ce quiz a été pris 143 fois
    41 depuis la dernière actualisation
  • Le résultat moyen est 4 sur 5
Statistiques - réponses
Question Réponse % Correct
When you know you're ***. I know your favorite songs 'bout to cry
97%
And you *** me 'bout your dreams tell
85%
I'm the one who *** you laugh makes
79%
*** I know where you belong. *** I know it's with me Think
70%
Oh, I remember you *** my house. In the middle of the night driving to
36%
Aucun quiz correspondant
Distribution des résultats
% des personnes avec chaque résultat
Percentile par nombre de réponses
Votre historique - résultats
Vous n’avez pas pris ce quiz depuis la dernière actualisation